Представление документа в формате MARC21

Поле Инд. ПП Название Значение
Тип записи a
Библиографический уровень m
001 Контрольный номер RU/IS/BASE/401992136
005 Дата корректировки 20140529084755.5
040 a Служба первич. каталог. НБ ТвГУ
b Код языка каталог. rus
e Правила каталог. PSBO
041 0_ a Код языка текста rus
080 a Индекс УДК 94(47)"19"
084 a Индекс другой классификации/Индекс ББК Т3(2)53-210.6
090 a Полочн. индекс Т3(2)53
x Авторский знак В 74
245 00 a Заглавие Современные вопросы
n Номер части/ раздела Сб. 2
246 04 a Другая форма заглавия Народный сборник по современным вопросам
260 a Место издания Москва
b Издательство Северная Россия
c Дата издания 1907
300 a Объем 80 с.
500 a Примечание Загл. обл.: Народный сборник по современным вопросам
561 a История (примечание) Из коллекции Тверской ученой архивной комиссии
653 a Ключевые слова 20 в.
a Ключевые слова Государственная Дума
a Ключевые слова Землепользование
a Ключевые слова Земля
a Ключевые слова История России
a Ключевые слова Крестьянство
a Ключевые слова Прибалтика
a Ключевые слова Россия
852 x Примечание, не предназначенное для пользователя ТУАК
901 t Тип документа m
920 a Оператор Ильи
a Оператор Семен
a Оператор Суха
a Оператор Густ
a Оператор Стро
930 a Новая/Ретро новая
952 c Вид литературы К рн
954 a Дата поступления на обработку 20140521
c Дата окончания ОНО 20140529
b Дата поступления в ОК 20140414